000 00322nam a2200133Ia 4500
008 191201s2006 xx 000 0 und d
082 _a658.4012
_bVHS
100 _aRAO, V S P
245 0 _aStrategic Management Text and Cases
260 _aN.Delhi
_bExcel Books
_c2006
300 _a709
650 _aMBA
942 _2ddc
_cBK
999 _c2709
_d2709